<?xml version="1.0" encoding="UTF-8"?>
<collection xmlns="http://www.loc.gov/MARC21/slim">
 <record>
  <leader>01280nam a22003134a 4500</leader>
  <controlfield tag="001">5813</controlfield>
  <controlfield tag="003">BD-DhAAL</controlfield>
  <controlfield tag="005">20150301101310.0</controlfield>
  <controlfield tag="008">150301s2001    nyua          001 0 eng  </controlfield>
  <datafield tag="010" ind1=" " ind2=" ">
   <subfield code="a">2001042476</subfield>
  </datafield>
  <datafield tag="020" ind1=" " ind2=" ">
   <subfield code="a">0789480271 (alk. paper)</subfield>
  </datafield>
  <datafield tag="020" ind1=" " ind2=" ">
   <subfield code="a">0751327042</subfield>
  </datafield>
  <datafield tag="040" ind1=" " ind2=" ">
   <subfield code="a">DLC</subfield>
   <subfield code="c">DLC</subfield>
   <subfield code="d">EQF</subfield>
   <subfield code="d">BD-DhAAL</subfield>
  </datafield>
  <datafield tag="049" ind1=" " ind2=" ">
   <subfield code="a">EQFA</subfield>
  </datafield>
  <datafield tag="050" ind1="0" ind2="0">
   <subfield code="a">HD31</subfield>
   <subfield code="b">.D5629 2001</subfield>
  </datafield>
  <datafield tag="082" ind1="0" ind2="0">
   <subfield code="a">658.4</subfield>
   <subfield code="2">21</subfield>
  </datafield>
  <datafield tag="245" ind1="0" ind2="0">
   <subfield code="a">DK managing for excellence /</subfield>
   <subfield code="c">Moi Ali ... [et al.] ; [introduction by Robert Heller]</subfield>
  </datafield>
  <datafield tag="246" ind1="3" ind2=" ">
   <subfield code="a">Managing for excellence.</subfield>
  </datafield>
  <datafield tag="260" ind1=" " ind2=" ">
   <subfield code="a">New York :</subfield>
   <subfield code="b">DK Pub.,</subfield>
   <subfield code="c">2001.</subfield>
  </datafield>
  <datafield tag="300" ind1=" " ind2=" ">
   <subfield code="a">864 p. :</subfield>
   <subfield code="b">col. ill. ;</subfield>
   <subfield code="c">22 cm.</subfield>
  </datafield>
  <datafield tag="500" ind1=" " ind2=" ">
   <subfield code="a">Includes index.</subfield>
  </datafield>
  <datafield tag="505" ind1="0" ind2=" ">
   <subfield code="a">Achieving excellence -- Leading effectively -- Managing people -- Coaching successfully -- Managing projects -- Thinking strategically -- Managing budgets -- Understanding accounts --Selling successfully -- Marketing effectively -- Understanding information technology -- Moving to E-business.</subfield>
  </datafield>
  <datafield tag="541" ind1=" " ind2=" ">
   <subfield code="e">5813</subfield>
  </datafield>
  <datafield tag="650" ind1=" " ind2="0">
   <subfield code="a">Management.</subfield>
   <subfield code="9">8847</subfield>
  </datafield>
  <datafield tag="650" ind1=" " ind2="0">
   <subfield code="a">Total quality management.</subfield>
   <subfield code="9">8848</subfield>
  </datafield>
  <datafield tag="700" ind1="1" ind2=" ">
   <subfield code="a">Ali, Moi.</subfield>
   <subfield code="9">8849</subfield>
  </datafield>
  <datafield tag="942" ind1=" " ind2=" ">
   <subfield code="2">ddc</subfield>
   <subfield code="c">BK</subfield>
  </datafield>
  <datafield tag="999" ind1=" " ind2=" ">
   <subfield code="c">33821</subfield>
   <subfield code="d">33821</subfield>
  </datafield>
  <datafield tag="952" ind1=" " ind2=" ">
   <subfield code="0">0</subfield>
   <subfield code="1">0</subfield>
   <subfield code="2">ddc</subfield>
   <subfield code="4">0</subfield>
   <subfield code="6">658_400000000000000_DKM</subfield>
   <subfield code="7">0</subfield>
   <subfield code="9">52807</subfield>
   <subfield code="a">SCL</subfield>
   <subfield code="b">SCL</subfield>
   <subfield code="c">GEN</subfield>
   <subfield code="d">2015-03-01</subfield>
   <subfield code="g">2855.00</subfield>
   <subfield code="l">0</subfield>
   <subfield code="o">658.4 DKM</subfield>
   <subfield code="p">3020005813</subfield>
   <subfield code="r">2015-03-01</subfield>
   <subfield code="t">1</subfield>
   <subfield code="w">2015-03-01</subfield>
   <subfield code="y">BK</subfield>
  </datafield>
 </record>
</collection>
